| 000 | 00755nam a2200241 a 4500 | ||
|---|---|---|---|
| 003 | PILC | ||
| 005 | 20160205095202.0 | ||
| 008 | 110105s19uu xx 00 eng d | ||
| 020 | _a9780199549221 | ||
| 050 |
_aBF 441 _b.M236 2010 |
||
| 245 |
_aThe making of human concepts / _cedited by Denis Mareschaul, Paul C. Quinn and Stephen E. G. Lea. |
||
| 260 |
_aNew York : _bOxford University Press, _c2010. |
||
| 300 |
_a400 pages : _billustrations ; _c25 cm. |
||
| 500 | _aIncludes bibliographical references and indexes. | ||
| 650 | _aConcepts. | ||
| 650 | _aCognition. | ||
| 650 | _aThoughts and thinking. | ||
| 700 | _aedited by: denis mareshal | ||
| 700 | _aPaul Quinn. | ||
| 700 | _aStephen Lea. | ||
| 942 |
_cBK _2lcc _kFOR |
||
| 999 |
_c24256 _d24256 |
||